• 首页
  • 本馆介绍
  • 公告通知
  • 最新文献
  • 馆藏检索
  • 电子资源
  • 读者导购
  • 参考咨询
  • 我的图书馆
  • 登录
  • 详细信息显示
  • 放入我的书架
  • 预约/预借图书
  • 作者相关作品
  • 分类相关作品
  • 丛书相关作品
  • 出版社相关作品

书目信息

  • 表格格式
  • 工作单格式
  • 卡片格式
题名:
能源概论
    
 
作者: 陈砺 , 王红林 , 方利国 编
分册:  
出版信息: 北京   化学工业出版社  2009.4
页数: 273页
开本: 26cm
丛书名:
单 册:
中图分类: TK01
科图分类:
主题词: 能源--概论 , 能源
电子资源:
ISBN: 978-7-122-04896-7
000 00841nam0 2200277 45
001 1356822562
005 20130514160510.93
010    @a978-7-122-04896-7@dCNY29.80
100    @a20130108d2009 em y0chiy0110 ea
101 0  @achi
102    @aCN@b110000
105    @ay z 000yy
106    @ar
200 1  @a能源概论@ANeng Yuan Gai Lun@f陈砺,王红林,方利国编@FChen Li, Wang Hong Lin, Fang Li Guo Bian
210    @a北京@c化学工业出版社@d2009.4
215    @a273页@d26cm
300    @a高等学校教材
330    @a本书从常规能源、新能源与可再生能源、节能三方面,全面介绍了能源科学知识。
606 0  @a能源@x概论
606 0  @a能源
690    @aTK01@v5
701  0 @a陈砺@AChen Li@4编
701  0 @a王红林@AWang Hong Lin@4编
701  0 @a方利国@AFang Li Guo@4编
801    @aCN@bTANGWEI@c20130108
905    @b0830022-26@dTK01@e116@f5
    
    能源概论/陈砺,王红林,方利国编.-北京:化学工业出版社,2009.4
    273页;26cm
    高等学校教材
    
    ISBN 978-7-122-04896-7:CNY29.80
    本书从常规能源、新能源与可再生能源、节能三方面,全面介绍了能源科学知识。
●
相关链接 在E读中查询图书 在五车中查询图书 在当当中查询图书 在豆瓣中查询图书


正题名:能源概论     索取号:TK01/116         预约/预借

序号 登录号 条形码 馆藏地/架位号 状态 备注
1 0830022   208300220   第二样本阅览室/ [索取号:TK01/116] 在馆    
2 0830023   208300239   第三借阅区/ [索取号:TK01/116] 在馆    
3 0830024   208300248   第三借阅区/ [索取号:TK01/116] 在馆    
4 0830025   208300257   第三借阅区/ [索取号:TK01/116] 在馆    
5 0830026   208300266   第三借阅区/ [索取号:TK01/116] 在馆    
唐山师范学院图书馆 欢迎您!
大连网信软件有限公司© 版权所有